| 000 | 01012nam a2200313 i 4500 | ||
|---|---|---|---|
| 001 | 000037837 | ||
| 003 | DO-SdBNP | ||
| 005 | 20260304102822.0 | ||
| 008 | 130306s1975 dr a 000 0 spa d | ||
| 040 |
_aDO-SdBNP _bspa _cBNPHU _erda |
||
| 041 | _aspa | ||
| 082 |
_axxx _bC537 _222 |
||
| 245 | 0 | 0 |
_aChile : _blibro negro / _cEditado por Hans-Werner Bartsch, Martha Buschmann, Gerhard Stuby y Erich Wulff. |
| 250 | _aTercera edición | ||
| 264 |
_aSanto Domingo : _bTaller , _c1975. |
||
| 300 |
_a226 páginas : _bilustraciones ; _c22 cm. |
||
| 336 |
_ardacontent _btexto _2txt |
||
| 337 |
_ardamedia _bsin mediación _2n |
||
| 338 |
_ardacarrier _bvolumen _2nc |
||
| 490 | 1 | _aBiblioteca taller | |
| 590 | _aInventariado, 2026/DG | ||
| 700 | 1 |
_aBatsch, Hans-Werner _eedición _964292 |
|
| 700 | 1 |
_aBuschmann, Martha _eedición _964293 |
|
| 700 | 1 |
_aStuby, Gerhard _eedición _949864 |
|
| 700 | 1 |
_aWurlff, Erich _eedición _964294 |
|
| 830 | 0 |
_aBiblioteca taller _v52 _9164 |
|
| 910 | _aDG | ||
| 942 |
_2ddc _cLBS1 |
||
| 999 |
_c37327 _d37327 |
||